The Agricultural History Review

Saved in:

Format: Journal

Language: Undetermined

Published: JSTOR
British Agricultural History Society

Subjects:

Online Access: Login to view Source

Tags: Add Tag

No Tags, Be the first to tag this record!

Call Number:

LEADER 00531nas a2200169Ia 4500
008 220214c99999999xx |||||||||||| ||und||
022 |a 0002-1490 
245 0 4 |a The Agricultural History Review 
264 1 |b JSTOR 
264 1 |b British Agricultural History Society 
362 0 |a Vol. 1(1953)-63 (2015) 
653 1 0 |a History 
653 1 0 |a Science & Mathematics 
856 4 0 |u https://www.jstor.org/journal/agrihistrev 
942 |c JL 
952 |0 0  |1 0  |4 0  |7 1  |9 33707  |a JSR  |b JSR  |d 2022-02-14  |l 0  |r 2022-02-14 00:00:00  |w 2022-02-14  |y JL 
999 |c 42041  |d 42041